000 00452nam a2200169Ia 4500
008 230917s9999||||xx |||||||||||||| ||und||
040 _e232490
_aMAIN
041 _aEnglish
082 _a338.4791 E15S(2)
100 _aEvans, Nigel
245 0 _aStrategic management for tourism, hospitality and events
250 _a2nd ed.
260 _aLondon
_bRoutledge
_c2015
300 _axx, 708 p.
500 _a2298 10/03/2016 Main Budget
942 _cBK
999 _c18369
_d18369